| 000 | 00623nam a22002297a 4500 | ||
|---|---|---|---|
| 003 | DO-SdBNP | ||
| 005 | 20180130105106.0 | ||
| 008 | 160307b 1975 xxu||||| |||| 00| 0 spa d | ||
| 020 | _a8431911727 | ||
| 040 |
_aBPMSU _bsps _cBPMSU |
||
| 092 |
_axxxx _bxxxx |
||
| 100 | 1 |
_aSpyri, Johanna, _d1827-1901. |
|
| 245 | 1 | 0 |
_aHeidi / _cJuana Spyri. |
| 260 |
_aBilbao : _bVasco Americana, _c[1975]. |
||
| 300 |
_a191 p. ; _c23 cm. |
||
| 490 | 1 |
_aLibros Preferidos ; _v2 |
|
| 830 | 0 |
_aLibros Preferidos _n2 |
|
| 910 | _a10 | ||
| 942 |
_2ddc _cBK |
||
| 945 | _aInvetariado extranjero / 2018 VM | ||
| 956 |
_aLOPEREZ _b10 _2BPMSU |
||
| 999 |
_c9142 _d9142 |
||